Homestar Runner Bands Quiz Stats

 Plays Quiz not verified by Sporcle

Also try: Born in the Bronx
Challenge
Share
Tweet
Embed
Score 0/20 Timer 05:00
0 Plays Today
Song Musician % Correct
Because It's MidniteLimozeen
93.2%
TROGDORStrong Bad
89.7%
These Peoples Try to Fade MeCoach Z
83.6%
We Don't Really Even CareSloshy
76%
Moving Very SlowlyTaranchula
72.6%
Oh Yeah YeahMarzipan
69.2%
Too Many Knives Crack Stuntman
65.8%
Secret SongHomestar Runner
63.7%
Not Talkin' 'Bout ButterKing of Town
61%
DeliberancePeacey P
58.9%
Song Musician % Correct
A Sweaty, Overweight JamTenerence Love
54.1%
Ooncha OonchaKissyboots
52.1%
If I Don't Get VideogamesBrainkrieg
51.4%
Doin' the WigglieCool Tapes
48.6%
Ballad of the SneakBarbershop Trio
33.6%
city (comma) state she likes cloth
30.1%
CirclesThe Kinda Long-Haired Band
29.5%
Food Related LovePomStar
21.2%
Lets's TP The StickTwo-O-Duo
19.2%
Hugo Left Me MiserableThe Frollos
4.8%

You're not logged in!

Compare scores with friends on all Sporcle quizzes.
OR
Log In

You Might Also Like...

Show Comments

Extras

Top Quizzes Today


Score Distribution

Your Account Isn't Verified!

In order to create a playlist on Sporcle, you need to verify the email address you used during registration. Go to your Sporcle Settings to finish the process.

Report this User

Report this user for behavior that violates our Community Guidelines.

Details: